Dítě se zdravotním postižením a zdravotním znevýhodněním v rodinné terapii : učební text /

Hlavní autor: Plevová, Marie
Korporativní autor: Masarykova univerzita. Katedra speciální pedagogiky
Jazyk: Čeština
Vydáno: Brno : Masarykova univerzita, 2007
Vydání: 1. vyd.
Témata:
Fyzický popis: 108 s. ; 21 cm
Knihy
Uloženo v:
LEADER 01913nam a2200481 a 4500
001 nkc20071751862
003 CZ PrNK
005 20080229144112.0
007 ta
008 070917s2007 xr e p 000 0 cze
015 |a cnb001751862 
020 |a 978-80-210-4372-5  |q (brož.) 
035 |a (OCoLC)228498183 
040 |a BOA001  |b cze  |d ABA001 
072 7 |a 364-1/-7  |x Druhy sociální pomoci a služeb  |2 Konspekt  |9 18 
072 7 |a 37.016  |x Učební osnovy. Vyučovací předměty. Učebnice  |2 Konspekt  |9 22 
080 |a 364.642-785.4  |2 MRF 
080 |a 316.344.6-056.26/.3-053.2  |2 MRF 
080 |a 616-053.2  |2 MRF 
080 |a (075.8)  |2 MRF 
100 1 |a Plevová, Marie  |7 mzk2007423978  |4 aut 
245 1 0 |a Dítě se zdravotním postižením a zdravotním znevýhodněním v rodinné terapii :  |b učební text /  |c Marie Plevová 
250 |a 1. vyd. 
260 |a Brno :  |b Masarykova univerzita,  |c 2007 
300 |a 108 s. ;  |c 21 cm 
500 |a Nad názvem: Masarykova univerzita, Pedagogická fakulta, katedra speciální pedagogiky 
500 |a 300 výt. 
504 |a Obsahuje bibliografii 
650 0 7 |a rodinná psychoterapie  |7 ph116048  |2 czenas 
650 0 7 |a děti se zdravotním postižením  |7 ph116745  |2 czenas 
650 0 7 |a nemocné děti  |7 ph137524  |2 czenas 
650 0 9 |a family psychotherapy  |2 eczenas 
650 0 9 |a children with disabilities  |2 eczenas 
650 0 9 |a ill children  |2 eczenas 
655 7 |a učebnice vysokých škol  |7 fd133772  |2 czenas 
655 9 |a textbooks (higher)  |2 eczenas 
710 2 |a Masarykova univerzita.  |b Katedra speciální pedagogiky  |7 kn20010709452 
910 2 |a BOA001  |b 2-1195.523 
990 |a BK 
995 |a 01 
991 |b 200712  |c NOV 
996 6 |b 2610327421  |c 2-1195.523  |l MZK  |r Sklad / do 1 hodiny  |n 6  |p p.v.  |w 000878037  |u 000010  |a 1  |e BOA001  |j MZK50  |s P 
996 7 |b 2610327422  |c 2-1195.523  |l MZK  |r Sklad / do 1 hodiny  |n 26  |p p.v.  |w 000878037  |u 000020  |a 1  |e BOA001  |j MZK50  |s A